[Event "Caribbean-ch (Women)"]
[Site "Carolina"]
[Date "2023.10.30"]
[Round "7"]
[White "Merino Vallecillo, Angela Sofia"]
[Black "Bogantes Robleto, Karina"]
[Result "0-1"]
[WhiteElo "1175"]
[BlackElo "1739"]
[PlyCount "50"]
[EventDate "2023.10.25"]
[EventType "swiss"]
[EventRounds "9"]
[EventCountry "PUR"]
[SourceTitle "CB48_2023"]
[SourceDate "2023.11.29"]
[SourceVersion "1"]
[SourceVersionDate "2023.11.29"]
[SourceQuality "1"]

1. e4 c5 2. Nf3 Nc6 3. d4 cxd4 4. Nxd4 g6 5. Nc3 Bg7 6. Nxc6 bxc6 7. Bd2 d6 8. Bc4 Nf6 9. Qf3 0-0 10. h3 Nd7 11. 0-0-0 Ne5 12. Qe2 Nxc4 13. Qxc4 Qd7 14. Kb1 Qb7 15. Qb3 Qa6 16. Qa4 Qb7 17. Qb3 Qc7 18. Qc4 Be6 19. Qd3 Rab8 20. f4 Qa5 21. b3 Qc5 22. Rhe1 Rb7 23. Na4 Qa3 24. Nc3 Rfb8 25. Ne2 Qb2# 0-1

[Event "Caribbean-ch (Women)"]
[Site "Carolina"]
[Date "2023.10.26"]
[Round "2"]
[White "Merino Vallecillo, Angela Sofia"]
[Black "Lopez L, Dairyn D"]
[Result "0-1"]
[WhiteElo "1175"]
[BlackElo "1554"]
[PlyCount "120"]
[EventDate "2023.10.25"]
[EventType "swiss"]
[EventRounds "9"]
[EventCountry "PUR"]
[SourceTitle "CB48_2023"]
[SourceDate "2023.11.29"]
[SourceVersion "1"]
[SourceVersionDate "2023.11.29"]
[SourceQuality "1"]

1. e4 g6 2. d4 Bg7 3. Nc3 d6 4. f3 Nd7 5. Be3 a6 6. Qd2 b5 7. 0-0-0 Bb7 8. Nce2 Nb6 9. Ng3 c6 10. Kb1 a5 11. d5 Qc7 12. Bd3 Na4 13. c3 Nf6 14. N3e2 0-0 15. h4 b4 16. dxc6 bxc3 17. Nxc3 Bxc6 18. Nxa4 Bxa4 19. Rc1 Qb7 20. g4 Rab8 21. Bd4 e5 22. Bc3 Nd7 23. Bxa5 Nc5 24. Bc3 d5 25. exd5 Qxd5 26. Be4 Qe6 27. Qd5 Nxe4 28. Qxe6 Nxc3+ 29. Rxc3 fxe6 30. Re3 e4 31. b3 exf3 32. Nxf3 Bc6 33. Rf1 Bd5 34. Nd2 Rxf1+ 35. Nxf1 Rf8 36. Nd2 Rf2 37. Rd3 Rh2 38. Nf3 Rh3 39. Ne1 Be4 40. Kc2 Rh2+ 41. Kd1 Bxd3 42. Nxd3 Rxa2 43. Nc5 Rb2 44. Nxe6 Rxb3 45. Nxg7 Kxg7 46. Ke2 Kf6 47. Kf2 Ke5 48. Kg2 Kf4 49. g5 Kg4 50. h5 Rb2+ 51. Kf1 gxh5 52. g6 hxg6 53. Ke1 Kf3 54. Kd1 Re2 55. Kc1 Ke3 56. Kd1 Kd3 57. Kc1 h4 58. Kd1 h3 59. Kc1 h2 60. Kd1 h1Q# 0-1